000 00942nam a2200229 a 4500
001 BRCA_4829
005 20190320204825.0
008 050506s2004----sp-a######---#100-0#spa-#
020 _a8489895112
041 _aspa
044 _asp
050 4 _aPQ6353
_b.D62 2004
245 1 0 _aDon Quijote en el reino de la fantasía
_brealidad y ficción en el universo mental y biográfico de Cervantes
_cedición al cuidado de Rogelio Reyes Cano.
260 _aSevilla [España]
_bFundación Focus-Abengoa
_c2004
300 _a221 p.
_bil. a color
_c24 cm.
500 _aCiclo de conferencias organizado por la Fundación Focus-Abengoa, Sevilla, Hospital de los Venerables, octubre-diciembre de 2003
504 _aIncluye referencias bibliográficas
600 1 4 _aCervantes Saavedra, Miguel de
_d1547-1616
_tDon Quixote
_vCongresos
_xCrítica e interpretación
_912236
700 1 _aReyes Cano, Rogelio
_eed.
_912237
902 _aCERV
942 _2lcc
_cB
999 _c4524
_d4524